000 00645nam a22001935i 4500
001 177132
003 ES-MaACL
005 20230906220247.0
008 110304s1965 sp |||| | spa d
080 _a821.134.2-31"19"
100 1 _aZamora Vicente, Alonso.
_9117952
245 1 3 _aUn balcón a la plaza /
_cAlonso Zamora Vicente.
260 _a[Madrid] :
_bLNP,
_c1965.
300 _a101 p. ;
_c17 cm.
490 1 _aLa novela popular. Contemporánea, inédita, española ;
_v5
830 0 _aLa novela popular. Contemporánea, inédita, española ;
_v5
_9188024
852 _aES-MaACL
_jE-14553
_xOlim P-213-Ter
999 _c177132
_d177132